| 000 | 00798cam a2200289 a 4500 | ||
|---|---|---|---|
| 001 | 4225235 | ||
| 003 | OSt | ||
| 005 | 20160324131520.0 | ||
| 008 | 821029s1983 nyu 000 1 eng | ||
| 010 | _a 82048733 | ||
| 020 | _a0394530152 | ||
| 040 | _aSEKU | ||
| 050 | 0 | 0 |
_aPR 6062 _b.C3 |
| 082 | 0 | 0 |
_a823/.914 _219 |
| 100 | 1 |
_aLe Carré, John, _d1931- |
|
| 245 | 1 | 4 |
_aThe little drummer girl / _cJohn Le Carré. |
| 260 |
_aNew York : _bKnopf, _c1983. |
||
| 300 |
_a429 p. : _c25 cm. |
||
| 650 | 0 |
_aTerrorism _xPrevention _vFiction. |
|
| 650 | 0 |
_aBritish _zMiddle East _vFiction. |
|
| 650 | 0 |
_aIntelligence officers _vFiction. |
|
| 650 | 0 |
_aWomen spies _vFiction. |
|
| 650 | 0 |
_aActresses _vFiction. |
|
| 651 | 0 |
_aMiddle East _vFiction. |
|
| 655 | 7 |
_aSpy stories. _2gsafd |
|
| 942 |
_2lcc _cGEN |
||
| 999 |
_c12278 _d12278 |
||